000 00628 a2200217 4500
003 Nust
005 20170207154043.0
020 _a0-415-32639-7 (inb.)
020 _a0-415-77529-9 (hft.)
020 _a978-0-415-32639-1 (inb.)
020 _a978-0-415-77529-8
020 _a978-0-415-77529-8 (hft.)
040 _cNust
082 0 4 _a297.5
245 1 4 _aThe Quran (E-BOOK)
_ban encyclopedia /
_cedited by Oliver Leaman
250 _aFirst published in paperback 2008
260 _aAbingdon, Oxon :
_bRoutledge,
_c2008
300 _axxvii, 771 s. ;
_c25 cm
651 _aThe Quran (E-BOOK)
700 1 _aLeaman, Oliver,
_d1950-
_4edt
942 _2ddc
_cBK
999 _c192744
_d192744